000 00713nam a2200241Ia 4500
005 20260429111859.0
008 260429s9999||||xx |||||||||||||| ||und||
020 _a9788119684281
041 _aEnglish
082 _a181.4
_bPAT
100 _aPathak, Ramkumar
245 0 _aAncient Indian knowledge system :
_bsecrets of science, spirituality and culture /
_cRamkumar Pathak
260 _aJaipur :
_bBook Enclave,
_c2025.
300 _avii, 248 p.; hb
650 _a Ancient Indian science
650 _a History of science
650 _a Indian culture
650 _a Spirituality
650 _a Traditional knowledge
650 _aIndian knowledge systems
700 _a Deepmala
942 _cTB
999 _c51254
_d51254